Seeckts v Derwent (Record no. 117178)

MARC details
000 -LEADER
fixed length control field 01777cam a2200241 4500
001 - CONTROL NUMBER
control field ABS67684
008 - FIXED-LENGTH DATA ELEMENTS--GENERAL INFORMATION
fixed length control field 040407n2004 000 0 eng u
035 ## - SYSTEM CONTROL NUMBER
System control number (Sirsi) u125780
245 ## - TITLE STATEMENT
Title Seeckts v Derwent
260 ## - PUBLICATION, DISTRIBUTION, ETC.
Date of publication, distribution, etc. 2004
520 ## - SUMMARY, ETC.
Summary, etc. [2004] EWCA Civ 293, 30 March 2004. Dispute between the defendants (D) and the claimant (S) over a hedge between their properties. D appealed against the County Court decision that S was the owner of the hedge destroyed by D, the grant awarding damages to S and an injunction to restrain further trespass by D. The properties had been divided in 1968 by a conveyance and ownership of the hedge rested on a map from that conveyance. The County Court had decided that ownership of the hedge was determined by T-marks but D contended that not enough weight had been given to the dimensions in the map. "Held": that there was a hedge on the boundary and that the T-marks are normally understood to represent a boundary. The dimensions from the map were probably intended to provide a general indication of the boundary. Appeal dismissed. View judgment at www.courtservice.gov.uk.
590 ## - LOCAL NOTE (RLIN)
Local note ABS
590 ## - LOCAL NOTE (RLIN)
Local note ABS
590 ## - LOCAL NOTE (RLIN)
Local note ABS
650 ## - SUBJECT ADDED ENTRY--TOPICAL TERM
Topical term or geographic name entry element SEECKTS V DERWENT
650 ## - SUBJECT ADDED ENTRY--TOPICAL TERM
Topical term or geographic name entry element Boundary disputes
9 (RLIN) 6221
650 ## - SUBJECT ADDED ENTRY--TOPICAL TERM
Topical term or geographic name entry element HEDGES
690 ## - LOCAL SUBJECT ADDED ENTRY--TOPICAL TERM (OCLC, RLIN)
Topical term or geographic name as entry element BOUNDARIES, PARTY WALLS AND EASEMENTS-RIGHTS OF WAY-CASE LAW
856 ## - ELECTRONIC LOCATION AND ACCESS
Uniform Resource Identifier <a href="https://www.courtservice.gov.uk/judgmentsfiles/j2446/seeckts-v-derwent.htm">https://www.courtservice.gov.uk/judgmentsfiles/j2446/seeckts-v-derwent.htm</a>
Public note View judgment on the Court Service website...
856 ## - ELECTRONIC LOCATION AND ACCESS
Uniform Resource Identifier <a href="https://www.courtservice.gov.uk/judgmentsfiles/j2446/seeckts-v-derwent.htm">https://www.courtservice.gov.uk/judgmentsfiles/j2446/seeckts-v-derwent.htm</a>
Public note View judgment on the Court Service website...
856 ## - ELECTRONIC LOCATION AND ACCESS
Uniform Resource Identifier <a href="https://www.courtservice.gov.uk/judgmentsfiles/j2446/seeckts-v-derwent.htm">https://www.courtservice.gov.uk/judgmentsfiles/j2446/seeckts-v-derwent.htm</a>
Public note View judgment on the Court Service website...
942 ## - ADDED ENTRY ELEMENTS (KOHA)
Suppress in OPAC 0
Holdings
Withdrawn status Lost status Source of classification or shelving scheme Damaged status Not for loan Home library Current library Shelving location Date acquired Total Checkouts Full call number Barcode Date last seen Copy number Price effective from Koha item type
    Dewey Decimal Classification     London London Journal article 07/04/2004   ABS67684 125780-1001 06/08/2019 1 06/08/2019 Journal article
    Dewey Decimal Classification     Virtual Virtual Online 08/04/2004   ONLINE 125780-2001 06/08/2019 1 06/08/2019 Law report